| 000 | 00685nam a2200193Ia 4500 | ||
|---|---|---|---|
| 008 | 151121s9999||||xx |||||||||||||| ||und|| | ||
| 082 | _a920/कांदळ | ||
| 082 | _bHNW-118084 | ||
| 100 | _aकांदळकर राजा | ||
| 245 | _aतमिळ टायगर प्रभाकरन | ||
| 260 | _b"शब्द प्रब्लिकेशन, मुंबई।" | ||
| 260 | _c2014 | ||
| 300 | _a116 | ||
| 600 | _aकांदळकर राजा | ||
| 630 | _aतमिळ टायगर प्रभाकरन | ||
| 700 | _aकांदळकर राजा | ||
| 730 | _aतमिळ टायगर प्रभाकरन | ||
| 942 | _cBOOK | ||
| 999 |
_c1265636 _d1265633 |
||